[Event "DSOL 2021"]
[Site "Germany"]
[Date "2021.03.01"]
[Round "5.3"]
[White "Juelg, Gabriel"]
[Black "Riemann, Jonas"]
[Result "1-0"]
[WhiteElo "1620"]
[BlackElo "1507"]
[Annotator "NA RC"]
[PlyCount "63"]
[EventDate "2021.01.18"]
[EventType "team-tourn"]
[EventCountry "GER"]
[SourceTitle "playchess.com"]
[Source "ChessBase"]
[SourceQuality "1"]

1. d4 Nf6 2. c4 g6 3. g3 Bg7 4. Bg2 O-O 5. Nc3 d6 6. Nf3 Nc6 7. O-O e5 8. dxe5 Nxe5 9. b3 Re8 10. Bg5 h6 11. Bxf6 Nxf3+ 12. Bxf3 Qxf6 13. Rc1 Rb8 14. Qd2 Bf5 15. Rfd1 Re5 16. Nd5 Qd8 17. Ne3 Bd7 18. c5 Qg5 19. h4 Qf6 20. cxd6 c6 21. Bg4 Qd8 22. Qb4 f5 23. Bf3 Qf6 24. Bxc6 Bxc6 25. Rxc6 Kh7 26. Rc7 Qe6 27. Re7 Qf6 28. Nd5 Qf8 29. Nf4 Re8 30. Rxe8 Qxe8 31. d7 Qd8 32. Qd6 1-0

[Event "DSOL 2021"]
[Site "Germany"]
[Date "2021.03.01"]
[Round "5.3"]
[White "Kubens, Viktor"]
[Black "Kuepper, Martin"]
[Result "0-1"]
[WhiteElo "1620"]
[BlackElo "2013"]
[Annotator "TA"]
[PlyCount "88"]
[EventDate "2021.01.18"]
[EventType "team-tourn"]
[EventCountry "GER"]
[SourceTitle "playchess.com"]
[Source "ChessBase"]
[SourceQuality "1"]

1. d4 g6 2. c4 Bg7 3. Nc3 c5 4. Nf3 d6 5. e3 Bg4 6. Be2 Nc6 7. d5 Bxf3 8. Bxf3 Ne5 9. Be2 Nf6 10. O-O O-O 11. Qc2 e6 12. e4 exd5 13. exd5 a6 14. f3 Re8 15. Bg5 h6 16. Bh4 Qd7 17. Rae1 Nh5 18. Nd1 Nf4 19. b3 b5 20. Bf2 bxc4 21. Bxc4 Qb7 22. Nc3 Rad8 23. Re4 g5 24. Rfe1 f5 25. R4e3 Rf8 26. Bg3 Nfg6 27. R3e2 Nxc4 28. bxc4 Qb4 29. Nd1 Ne5 30. Bxe5 Bxe5 31. Kh1 Rb8 32. Ne3 Qb2 33. Qxb2 Rxb2 34. g3 Rxe2 35. Rxe2 Bd4 36. Kg2 Re8 37. Kf2 f4 38. gxf4 gxf4 39. Kf1 Rxe3 40. Rxe3 Bxe3 41. Ke2 Kf7 42. Kf1 Kf6 43. Kg2 Ke5 44. Kh3 Kd4 0-1

[Event "DSOL 2021"]
[Site "Germany"]
[Date "2021.03.02"]
[Round "5.3"]
[White "Link, Justus"]
[Black "Dawid, Adalbert"]
[Result "1/2-1/2"]
[WhiteElo "1620"]
[BlackElo "1672"]
[Annotator "NA RC"]
[PlyCount "104"]
[EventDate "2021.01.18"]
[EventType "team-tourn"]
[EventCountry "GER"]
[SourceTitle "playchess.com"]
[Source "ChessBase"]
[SourceQuality "1"]

1. d4 e6 2. c4 d5 3. Nf3 Nf6 4. e3 Nbd7 5. Nc3 Be7 6. Be2 O-O 7. O-O c6 8. b3 b6 9. Bb2 Bb7 10. Rc1 Bd6 11. Qc2 e5 12. dxe5 Nxe5 13. Nxe5 Bxe5 14. Qf5 Qe8 15. f4 Bxc3 16. Rxc3 d4 17. Rd3 c5 18. Bf3 Be4 19. Bxe4 Qxe4 20. Qxe4 Nxe4 21. exd4 cxd4 22. Rxd4 Nc5 23. Ba3 Ne6 24. Rd5 Rfd8 25. f5 Nc7 26. Rdd1 g6 27. fxg6 hxg6 28. Rfe1 Ne6 29. Be7 Rxd1 30. Rxd1 Nf8 31. Bxf8 Kxf8 32. Rd7 Ke8 33. Rc7 a6 34. Rb7 b5 35. c5 Rd8 36. a4 bxa4 37. bxa4 Rd4 38. Ra7 Rxa4 39. c6 a5 40. Kf2 Rc4 41. Rxa5 Rxc6 42. Ra7 Rc3 43. h4 Kf8 44. g3 Kg7 45. Kg2 Kf6 46. Kh3 Rc4 47. Kg2 Re4 48. Kf3 Re7 49. Ra6+ Re6 50. Ra7 Re7 51. Ra6+ Re6 52. Ra7 Re7 1/2-1/2

[Event "DSOL 2021"]
[Site "Germany"]
[Date "2021.03.02"]
[Round "5.3"]
[White "Bohl, Rolf"]
[Black "Marcziter, Alex"]
[Result "0-1"]
[WhiteElo "1590"]
[BlackElo "1835"]
[Annotator "NA RC"]
[PlyCount "64"]
[EventDate "2021.01.18"]
[EventType "team-tourn"]
[EventCountry "GER"]
[SourceTitle "playchess.com"]
[Source "ChessBase"]
[SourceQuality "1"]

1. d4 f5 2. h3 Nf6 3. g4 d5 4. g5 Ne4 5. Nf3 e6 6. Nc3 c5 7. h4 Bd6 8. e3 Nc6 9. Bb5 O-O 10. Bxc6 bxc6 11. Nxe4 fxe4 12. dxc5 Bxc5 13. Nd4 Qe8 14. Bd2 Qf7 15. Rh2 Bd6 16. Rg2 e5 17. Nxc6 Qd7 18. Nb4 Qh3 19. Rg1 Qh2 20. Rf1 Bh3 21. Qe2 Bxf1 22. Qxf1 Rac8 23. Nxd5 Rxc2 24. Rd1 Qxh4 25. Nc3 Rxb2 26. Qg2 Bb4 27. Nxe4 Bxd2+ 28. Nxd2 Rd8 29. Qe4 Qxe4 30. Nxe4 Rxd1+ 31. Kxd1 Rxa2 32. Nc3 Rxf2 0-1

[Event "DSOL 2021"]
[Site "Germany"]
[Date "2021.03.03"]
[Round "5.3"]
[White "Stoetzel, Martin"]
[Black "Lang, Nico"]
[Result "0-1"]
[WhiteElo "1590"]
[BlackElo "1490"]
[Annotator "NA RC"]
[PlyCount "54"]
[EventDate "2021.01.18"]
[EventType "team-tourn"]
[EventCountry "GER"]
[SourceTitle "playchess.com"]
[Source "ChessBase"]
[SourceQuality "1"]

1. e4 c5 2. Nf3 e6 3. d4 cxd4 4. Nxd4 a6 5. Be2 Nf6 6. Bf3 Qc7 7. O-O Bd6 8. g3 O-O 9. Nc3 Be7 10. Be3 Nc6 11. Bg2 d6 12. a4 Bd7 13. Nb3 Ne5 14. Nd2 Nfg4 15. Bd4 Nc6 16. Bxg7 Nxf2 17. Rxf2 Kxg7 18. Qg4+ Kh8 19. Qh5 Qb6 20. Nb3 Ne5 21. Raf1 Rac8 22. Kh1 Rg8 23. Qd1 Rg7 24. Qd4 Bd8 25. Rd2 Qxd4 26. Nxd4 Nc4 27. Rdf2 Bb6 0-1

[Event "DSOL 2021"]
[Site "Germany"]
[Date "2021.03.04"]
[Round "5.3"]
[White "Ferch, Andreas"]
[Black "Johanssen, Torsten"]
[Result "1-0"]
[WhiteElo "1562"]
[BlackElo "1877"]
[Annotator "NA RC"]
[PlyCount "83"]
[EventDate "2021.01.18"]
[EventType "team-tourn"]
[EventCountry "GER"]
[SourceTitle "playchess.com"]
[Source "ChessBase"]
[SourceQuality "1"]

1. d4 Nf6 2. c4 g6 3. Nc3 Bg7 4. e4 d6 5. f4 O-O 6. Nf3 c5 7. d5 e6 8. Be2 exd5 9. exd5 Re8 10. O-O Bf5 11. Bd3 Qd7 12. Qc2 Bxd3 13. Qxd3 a6 14. f5 Ng4 15. fxg6 hxg6 16. Bf4 Ne5 17. Nxe5 Bxe5 18. Ne4 Kg7 19. Bxe5+ Rxe5 20. Nf6 Qe7 21. Ng4 Nd7 22. Nxe5 Nxe5 23. Qc3 Rh8 24. Rae1 Qh4 25. h3 Kg8 26. Rxe5 dxe5 27. Qxe5 Qd4+ 28. Qxd4 cxd4 29. Rd1 Kg7 30. Rxd4 Kf6 31. d6 Rd8 32. c5 Ke5 33. Rd2 Ke6 34. b4 Kd7 35. Kf2 Kc6 36. Ke3 Re8+ 37. Kd3 b6 38. Re2 Rd8 39. Kc4 bxc5 40. bxc5 a5 41. Re7 f5 42. Rc7# 1-0

[Event "DSOL 2021"]
[Site "Germany"]
[Date "2021.03.03"]
[Round "5.3"]
[White "Busley, Tim"]
[Black "Jacobse, Leon"]
[Result "0-1"]
[WhiteElo "1531"]
[BlackElo "1634"]
[Annotator "NA RC"]
[PlyCount "60"]
[EventDate "2021.01.18"]
[EventType "team-tourn"]
[EventCountry "GER"]
[SourceTitle "playchess.com"]
[Source "ChessBase"]
[SourceQuality "1"]

1. d4 c5 2. d5 f5 3. c4 g6 4. Nc3 Bg7 5. g3 Nf6 6. Bg2 O-O 7. Nf3 d6 8. O-O Na6 9. Re1 Nc7 10. Bg5 h6 11. Bxf6 Bxf6 12. e4 fxe4 13. Nxe4 Bxb2 14. Rb1 Bf6 15. Nxf6+ exf6 16. Nh4 Kh7 17. Rb3 b6 18. Rbe3 Re8 19. Qe2 Rxe3 20. Qxe3 Na6 21. Qe7+ Qxe7 22. Rxe7+ Kg8 23. Be4 f5 24. Bb1 g5 25. Nxf5 Bxf5 26. Bxf5 Nb4 27. a3 Na2 28. Rd7 Nc3 29. Kf1 b5 30. Be4 Nxe4 0-1

[Event "DSOL 2021"]
[Site "Germany"]
[Date "2021.03.03"]
[Round "5.3"]
[White "Reimer, Philip"]
[Black "Gremmel, Jonas Simon"]
[Result "0-1"]
[WhiteElo "1520"]
[BlackElo "2021"]
[Annotator "TA"]
[PlyCount "72"]
[EventDate "2021.01.18"]
[EventType "team-tourn"]
[EventCountry "GER"]
[SourceTitle "playchess.com"]
[Source "ChessBase"]
[SourceQuality "1"]

1. e4 c6 2. d4 d5 3. e5 Bf5 4. Nf3 e6 5. Be2 Nd7 6. O-O c5 7. c4 Ne7 8. Bg5 dxc4 9. Na3 f6 10. exf6 gxf6 11. Bf4 Nd5 12. Bg3 c3 13. Nh4 Bg6 14. Bh5 Kf7 15. bxc3 cxd4 16. Nb5 dxc3 17. Bxg6+ hxg6 18. Qg4 Rg8 19. Rfe1 Nc5 20. Rad1 Qb6 21. Nd4 Re8 22. Qf3 Bd6 23. Nxe6 Rxe6 24. Qxd5 Bxg3 25. hxg3 Rd8 26. Qc4 Rxd1 27. Rxd1 g5 28. Nf5 Ne4 29. Rd7+ Kg6 30. Rg7+ Kxf5 31. Qd5+ Re5 32. Qd7+ Qe6 33. g4+ Kxg4 34. Qd3 Kh5 35. Rxb7 Kg6 36. Qxc3 Nxc3 0-1

[Event "DSOL 2021"]
[Site "Germany"]
[Date "2021.03.02"]
[Round "5.3"]
[White "Kammer, Fabian"]
[Black "Middendorf, Sven-Jonas"]
[Result "1/2-1/2"]
[WhiteElo "1459"]
[BlackElo "1407"]
[Annotator "NA RC"]
[PlyCount "109"]
[EventDate "2021.01.18"]
[EventType "team-tourn"]
[EventCountry "GER"]
[SourceTitle "playchess.com"]
[Source "ChessBase"]
[SourceQuality "1"]

1. e4 e5 2. Nf3 Nc6 3. Nc3 Nf6 4. d4 exd4 5. Nxd4 Bb4 6. Nxc6 bxc6 7. Bd3 O-O 8. O-O d5 9. exd5 cxd5 10. Bg5 c6 11. Qf3 Bd6 12. Bxf6 Qxf6 13. Qxf6 gxf6 14. Rae1 Be6 15. Ne2 c5 16. b3 Rfe8 17. Ng3 c4 18. bxc4 dxc4 19. Bf5 Bb4 20. Rb1 Bc3 21. Rfd1 Bxf5 22. Nxf5 Re5 23. Ne3 Re4 24. Rd7 Bd4 25. Nxc4 Bxf2+ 26. Kxf2 Rxc4 27. Rb2 Rac8 28. Rxa7 Rxc2+ 29. Rxc2 Rxc2+ 30. Kf3 Kg7 31. a4 Ra2 32. a5 Kg6 33. a6 h5 34. Ra8 Kg7 35. a7 f5 36. h3 Kf6 37. Kg3 Ra4 38. Kf3 h4 39. Ke3 f4+ 40. Kf3 Kf5 41. Rf8 Rxa7 42. Rh8 Ra3+ 43. Kf2 Rg3 44. Rxh4 Ke4 45. Rh7 f5 46. h4 Ke5 47. h5 Kf6 48. h6 Kg6 49. Rh8 Rg4 50. Kf3 Rh4 51. Rg8+ Kf6 52. Rf8+ Kg6 53. Rg8+ Kf7 54. Rg5 Kf6 55. Rg8 1/2-1/2

[Event "DSOL 2021"]
[Site "Germany"]
[Date "2021.03.01"]
[Round "5.3"]
[White "Weischenberg, Juergen"]
[Black "Westrap, Christian F"]
[Result "1/2-1/2"]
[WhiteElo "1446"]
[BlackElo "2057"]
[Annotator "TA"]
[PlyCount "63"]
[EventDate "2021.01.18"]
[EventType "team-tourn"]
[EventCountry "GER"]
[SourceTitle "playchess.com"]
[Source "ChessBase"]
[SourceQuality "1"]

1. e4 c5 2. Nf3 e6 3. d4 cxd4 4. Nxd4 Qb6 5. Nb3 a6 6. c4 Nc6 7. Nc3 Nf6 8. Bd3 Bb4 9. O-O O-O 10. Be3 Qc7 11. Rc1 Bxc3 12. Rxc3 Rd8 13. Bg5 Ne5 14. Bxf6 gxf6 15. f4 Nxd3 16. Qxd3 d6 17. Qg3+ Kf8 18. Qh4 Ke7 19. c5 Rg8 20. Kh1 Rg6 21. f5 exf5 22. exf5 Bxf5 23. Rxf5 dxc5 24. Qe4+ Kf8 25. Rfxc5 Qd8 26. Rd5 Qb6 27. Rd7 Re8 28. Rc8 Rxc8 29. Qe7+ Kg7 30. Qxf7+ Kh6 31. Qxh7+ Kg5 32. h4+ 1/2-1/2

[Event "DSOL 2021"]
[Site "Germany"]
[Date "2021.03.05"]
[Round "5.3"]
[White "Malinowsky, Celina"]
[Black "Kuever, Benjamin"]
[Result "0-1"]
[WhiteElo "1372"]
[BlackElo "1793"]
[Annotator "NA RC"]
[PlyCount "122"]
[EventDate "2021.01.18"]
[EventType "team-tourn"]
[EventCountry "GER"]
[SourceTitle "playchess.com"]
[Source "ChessBase"]
[SourceQuality "1"]
[WhiteTeam "SK Doppelbauer Kiel"]
[BlackTeam "SK Ludwigshafen II"]

1. e4 c5 2. Nc3 Nc6 3. Bc4 Nf6 4. d3 e6 5. f4 d5 6. Bb3 b5 7. a3 dxe4 8. Nxe4 Nxe4 9. dxe4 Qxd1+ 10. Kxd1 c4 11. Ba2 Bb7 12. Nf3 Rd8+ 13. Ke2 Nd4+ 14. Nxd4 Rxd4 15. e5 Re4+ 16. Kd1 Bc5 17. Re1 Rxe1+ 18. Kxe1 Bxg2 19. b3 Bd4 20. Rb1 c3 21. b4 Be4 22. Bb3 f6 23. exf6 gxf6 24. Bxe6 Bxc2 25. Ra1 Ke7 26. f5 Re8 27. Ke2 Kd6 28. Bf4+ Be5 29. Be3 Rd8 30. Rc1 Ba4 31. Bxa7 Kc6 32. Be3 c2 33. Bf7 Rd1 34. Bh5 Bb2 35. Bf3+ Kd7 36. Rxc2 Bxc2 37. Kf2 Rb1 38. Be2 Kc6 39. Bf3+ Kd6 40. Be2 Bxa3 41. Bxb5 Bxf5 42. Bc5+ Kd5 43. Ba6 Bxb4 44. Be3 Rb2+ 45. Kf3 Rxh2 46. Bb7+ Kc4 47. Bf4 Rh3+ 48. Kg2 Ra3 49. Kf2 h5 50. Kg2 Ra2+ 51. Kg3 Be1+ 52. Kf3 Kd3 53. Bg3 Bxg3 54. Kxg3 Ke3 55. Bd5 Ra3 56. Kg2 Be4+ 57. Bxe4 Kxe4 58. Kf2 Kf4 59. Kg2 Rf3 60. Kg1 Kg3 61. Kh1 Rf1# 0-1

[Event "DSOL 2021"]
[Site "Germany"]
[Date "2021.03.01"]
[Round "5.4"]
[White "Carlstedt, Jonathan"]
[Black "Hart, Martin"]
[Result "1-0"]
[WhiteElo "2451"]
[BlackElo "2010"]
[Annotator "TA"]
[PlyCount "83"]
[EventDate "2021.01.18"]
[EventType "team-tourn"]
[EventCountry "GER"]
[SourceTitle "playchess.com"]
[Source "ChessBase"]
[SourceQuality "1"]

1. d4 d6 2. c4 Nd7 3. Nc3 e5 4. d5 Ngf6 5. e4 Be7 6. Be3 O-O 7. h4 Nc5 8. Bxc5 dxc5 9. g3 Ne8 10. Bh3 Nd6 11. Bxc8 Qxc8 12. Qd3 a6 13. Nf3 Bf6 14. b3 Qd7 15. O-O g6 16. Qe3 b6 17. Kg2 Bg7 18. h5 f5 19. hxg6 f4 20. gxh7+ Kh8 21. Qd3 Qg4 22. Rh1 Rf7 23. Rh4 Qg6 24. g4 Bf6 25. g5 Rg7 26. Rg1 Nf7 27. Kf1 Bxg5 28. Rhg4 Qf6 29. d6 c6 30. d7 Rd8 31. Na4 b5 32. Nxc5 Qe7 33. Nxg5 Nxg5 34. Rxg5 Rxg5 35. Rxg5 Qxg5 36. Ne6 Qh5 37. Nxd8 f3 38. Ke1 Qh1+ 39. Kd2 Qa1 40. Nf7+ Kxh7 41. d8=Q Qb2+ 42. Qc2 1-0

[Event "DSOL 2021"]
[Site "Germany"]
[Date "2021.03.05"]
[Round "5.4"]
[White "Koellner, Ruben Gideon"]
[Black "Heldt, Maximilian"]
[Result "1-0"]
[WhiteElo "2412"]
[BlackElo "2072"]
[Annotator "TA"]
[PlyCount "151"]
[EventDate "2021.01.18"]
[EventType "team-tourn"]
[EventCountry "GER"]
[SourceTitle "playchess.com"]
[Source "ChessBase"]
[SourceQuality "1"]
[WhiteTeam "SF Deizisau I"]
[BlackTeam "Essen-Katernberg I"]

1. d4 Nf6 2. Bg5 e6 3. Nd2 c5 4. e3 Nc6 5. c3 b6 6. Ngf3 Be7 7. Bd3 d5 8. Ne5 Nxe5 9. dxe5 Nd7 10. Bxe7 Qxe7 11. f4 h6 12. O-O O-O 13. Qe2 Bb7 14. Bc2 Rad8 15. Nf3 Rfe8 16. g4 f6 17. Qd3 Nf8 18. h4 fxe5 19. fxe5 d4 20. exd4 Bxf3 21. Rxf3 Qxh4 22. Qe4 h5 23. Raf1 Qxg4+ 24. Qxg4 hxg4 25. Rf4 cxd4 26. cxd4 g3 27. Kg2 Re7 28. Bb3 b5 29. Kxg3 a5 30. a3 g6 31. Kf3 Rh7 32. Ke4 a4 33. Ba2 Rh2 34. R1f2 Rh1 35. Rf6 Re1+ 36. Kd3 Ra1 37. Bxe6+ Nxe6 38. Rxe6 Rd1+ 39. Ke3 R8xd4 40. Rxg6+ Kh7 41. Rgf6 R1d3+ 42. Ke2 Rb3 43. Kf1 Re4 44. Rh2+ Kg7 45. Rg2+ Kh7 46. e6 Rbe3 47. Rf5 Rxe6 48. Rxb5 Re1+ 49. Kf2 R1e2+ 50. Kf3 R2e3+ 51. Kf4 R6e4+ 52. Kf5 Rh4 53. Rb7+ Kh8 54. Rc2 Re8 55. Rcc7 Rh2 56. Re7 Rxe7 57. Rxe7 Rxb2 58. Ra7 Kg8 59. Ke6 Rd2 60. Rxa4 Kf8 61. Ra8+ Kg7 62. a4 Ra2 63. a5 Rd2 64. a6 Ra2 65. Kd6 Kf7 66. Ra7+ Ke8 67. Kc7 Ra1 68. Kb6 Rb1+ 69. Kc6 Ra1 70. Kc7 Ra2 71. Ra8+ Ke7 72. a7 Kf7 73. Kb7 Rb2+ 74. Kc6 Rc2+ 75. Kb5 Ra2 76. Rh8 1-0

[Event "DSOL 2021"]
[Site "Germany"]
[Date "2021.03.01"]
[Round "5.4"]
[White "Malek, Daniel"]
[Black "Keyser, Robin"]
[Result "0-1"]
[WhiteElo "2348"]
[BlackElo "2070"]
[Annotator "TA"]
[PlyCount "52"]
[EventDate "2021.01.18"]
[EventType "team-tourn"]
[EventCountry "GER"]
[SourceTitle "playchess.com"]
[Source "ChessBase"]
[SourceQuality "1"]

1. d4 g6 2. c4 Bg7 3. e4 d6 4. Nc3 Nc6 5. Nge2 e5 6. Be3 Nh6 7. f3 f5 8. Qd2 fxe4 9. Bg5 e3 10. Qxe3 Nf5 11. Qd2 Qd7 12. dxe5 Nxe5 13. Ng3 O-O 14. O-O-O Rb8 15. Nxf5 Qxf5 16. Nd5 Kh8 17. Bh6 Be6 18. Bxg7+ Kxg7 19. Be2 b5 20. cxb5 c6 21. Ne7 Qf6 22. Nxc6 Nxc6 23. bxc6 Rfc8 24. Qd4 Rxc6+ 25. Kb1 Bf5+ 26. Ka1 Rc1+ 0-1

[Event "DSOL 2021"]
[Site "Germany"]
[Date "2021.03.03"]
[Round "5.4"]
[White "Schulze, Lara"]
[Black "Tsarigradski, Nikola"]
[Result "1-0"]
[WhiteElo "2285"]
[BlackElo "1620"]
[Annotator "TA"]
[PlyCount "72"]
[EventDate "2021.01.18"]
[EventType "team-tourn"]
[EventCountry "GER"]
[SourceTitle "playchess.com"]
[Source "ChessBase"]
[SourceQuality "1"]

1. e4 e5 2. Nf3 Nf6 3. Nxe5 d6 4. Nf3 Nxe4 5. c4 b6 6. d4 d5 7. Nc3 Bb7 8. Bd3 Nxc3 9. bxc3 Be7 10. O-O O-O 11. Re1 Bf6 12. Ne5 Nd7 13. Qg4 Bxe5 14. dxe5 Re8 15. Bh6 g6 16. Bg5 Qc8 17. Qg3 dxc4 18. Bxc4 Nc5 19. Qf4 Ne6 20. Bxe6 Qxe6 21. Rad1 Qc6 22. Qg3 Re6 23. Bf6 Rae8 24. Re3 Qa4 25. Rd4 Qxa2 26. h4 Qb1+ 27. Kh2 Qf5 28. Rf4 Qh5 29. Rg4 Qh6 30. Rg5 Qf8 31. h5 Qh6 32. f4 Kf8 33. f5 Rc6 34. Kg1 Rc5 35. fxg6 hxg6 36. hxg6 Qh7 1-0

[Event "DSOL 2021"]
[Site "Germany"]
[Date "2021.03.02"]
[Round "5.4"]
[White "Twyble, Michael S"]
[Black "Kautz, Thomas"]
[Result "1-0"]
[WhiteElo "2245"]
[BlackElo "1529"]
[Annotator "TA"]
[PlyCount "73"]
[EventDate "2021.01.18"]
[EventType "team-tourn"]
[EventCountry "GER"]
[SourceTitle "playchess.com"]
[Source "ChessBase"]
[SourceQuality "1"]

1. c4 g6 2. Nc3 Bg7 3. e4 d6 4. g3 Nf6 5. Bg2 O-O 6. Nge2 c5 7. d3 Nc6 8. O-O Bd7 9. Be3 Qc8 10. Nf4 Ng4 11. Qd2 Nge5 12. a3 a6 13. Nfd5 Ng4 14. Nb6 Qd8 15. Nxa8 Qxa8 16. Nd5 Qd8 17. h3 Nxe3 18. fxe3 e6 19. Nf4 Qg5 20. Qf2 Ne5 21. Rac1 Bh6 22. Kh2 Qe7 23. Qc2 Bg7 24. b3 h5 25. Qe2 Qg5 26. Bf3 Qh6 27. Rcd1 Kh7 28. Rf2 Rh8 29. Ng2 Kg8 30. Rdf1 g5 31. Qd1 g4 32. Be2 gxh3 33. Nf4 Ng4+ 34. Bxg4 hxg4 35. Qxg4 e5 36. Qxd7 exf4 37. Rxf4 1-0

[Event "DSOL 2021"]
[Site "Germany"]
[Date "2021.03.03"]
[Round "5.4"]
[White "Van Hasselt, Frank"]
[Black "Huo, Da"]
[Result "0-1"]
[WhiteElo "2227"]
[BlackElo "1918"]
[Annotator "TA"]
[PlyCount "70"]
[EventDate "2021.01.18"]
[EventType "team-tourn"]
[EventCountry "GER"]
[SourceTitle "playchess.com"]
[Source "ChessBase"]
[SourceQuality "1"]

1. c4 e5 2. g3 Nf6 3. Bg2 d5 4. cxd5 Nxd5 5. Nc3 Nb6 6. Nf3 Nc6 7. O-O Be7 8. a3 Be6 9. d3 O-O 10. b4 a5 11. b5 Nd4 12. Rb1 Nxf3+ 13. Bxf3 Rb8 14. Qc2 f5 15. Bb2 Bd6 16. Rfd1 Qe7 17. Na4 Nxa4 18. Qxa4 b6 19. Bg2 Qf7 20. Bc3 f4 21. Rf1 Qh5 22. d4 fxg3 23. hxg3 Qg4 24. e4 Rbd8 25. d5 Bd7 26. Qd1 Qg6 27. Qd3 Rf6 28. Bd2 Rdf8 29. Be3 h5 30. Kh2 h4 31. gxh4 Rf3 32. Qd1 Qxe4 33. Kg1 Bh3 34. Bxf3 Rxf3 35. Kh2 Bg4 0-1

[Event "DSOL 2021"]
[Site "Germany"]
[Date "2021.03.05"]
[Round "5.4"]
[White "Beyerlein, Andreas"]
[Black "Sabirov, Rafael"]
[Result "1-0"]
[WhiteElo "2169"]
[BlackElo "1635"]
[Annotator "TA"]
[PlyCount "159"]
[EventDate "2021.01.18"]
[EventType "team-tourn"]
[EventCountry "GER"]
[SourceTitle "playchess.com"]
[Source "ChessBase"]
[SourceQuality "1"]
[WhiteTeam "SC Roter Turm Altstadt I"]
[BlackTeam "SG Porz II"]

1. e4 c5 2. Nf3 e6 3. b3 a6 4. Bb2 Nc6 5. g3 d6 6. Bg2 Nf6 7. Qe2 Be7 8. e5 dxe5 9. Nxe5 Nxe5 10. Bxe5 O-O 11. O-O Bd6 12. Bb2 Rb8 13. d3 Bd7 14. Nd2 b5 15. Ne4 Nxe4 16. Bxe4 f5 17. Bg2 f4 18. Rfe1 Qg5 19. Rad1 Rbe8 20. d4 Bc8 21. Qd3 cxd4 22. Bxd4 Bc7 23. Be4 e5 24. Bc5 Rf6 25. Bxh7+ Kh8 26. Be4 Bg4 27. Rd2 Rh6 28. f3 fxg3 29. Be3 Qh4 30. Ree2 gxh2+ 31. Kh1 Qg3 32. fxg4 Rf8 33. Bg2 Rhf6 34. Bf2 Qxg4 35. Qh3+ Qxh3 36. Bxh3 Ba5 37. c3 Bxc3 38. Rc2 b4 39. Kxh2 g5 40. Bg3 Re8 41. Bg4 Kg7 42. Kg2 Rd6 43. Bf5 Rd5 44. Be4 Rd6 45. Bf2 Red8 46. Be3 Rg8 47. Kg3 Kf6 48. Rf2+ Ke6 49. Bf5+ Kd5 50. Kg4 e4 51. Bd2 Kd4 52. Bxg5 a5 53. Rf4 Re8 54. Re2 Kc5 55. Rfxe4 Rd4 56. Kf4 Bd2+ 57. Rxd2 Rxd2 58. Rxe8 Rxa2 59. Re5+ Kb6 60. Bd8+ Kc6 61. Bxa5 Rb2 62. Be6 Rf2+ 63. Kg5 Kd6 64. Re4 Rg2+ 65. Bg4 Ra2 66. Bxb4+ Kd5 67. Rf4 Rb2 68. Bf3+ Ke6 69. Rf6+ Kd7 70. Bc6+ Kc7 71. Ba4 Rg2+ 72. Kf5 Rf2+ 73. Ke6 Re2+ 74. Kd5 Rg2 75. Bd6+ Kb7 76. Bc6+ Kb6 77. Bc5+ Kc7 78. Rf7+ Kd8 79. Bb6+ Kc8 80. Rf8# 1-0

[Event "DSOL 2021"]
[Site "Germany"]
[Date "2021.03.03"]
[Round "5.4"]
[White "Kull, Florian"]
[Black "Buehrmann, Torsten"]
[Result "1-0"]
[WhiteElo "2134"]
[BlackElo "1911"]
[Annotator "TA"]
[PlyCount "75"]
[EventDate "2021.01.18"]
[EventType "team-tourn"]
[EventCountry "GER"]
[SourceTitle "playchess.com"]
[Source "ChessBase"]
[SourceQuality "1"]

1. c4 f5 2. Nc3 Nf6 3. Nf3 g6 4. g3 Bg7 5. Bg2 d6 6. O-O O-O 7. d3 e5 8. Rb1 a5 9. a3 Nh5 10. Bg5 Qd7 11. Nd5 h6 12. Bd2 Qf7 13. b4 axb4 14. axb4 Be6 15. Ne1 c6 16. Nb6 Ra6 17. c5 dxc5 18. bxc5 f4 19. Nc2 Bb3 20. Qc1 Ba2 21. Nb4 Bxb1 22. Nxa6 Nxa6 23. Qxb1 Re8 24. Nc4 Bf8 25. Bc3 Nxc5 26. Nxe5 Qf5 27. d4 Qxb1 28. Rxb1 Na4 29. Bd2 fxg3 30. hxg3 Bg7 31. Rxb7 Bxe5 32. Bxc6 Nc5 33. dxc5 Rd8 34. Rd7 Rc8 35. Bd5+ Kf8 36. c6 g5 37. Bb4+ Ke8 38. Re7+ 1-0

[Event "DSOL 2021"]
[Site "Germany"]
[Date "2021.03.03"]
[Round "5.4"]
[White "Cmiel, Thorsten"]
[Black "Krausse, Sandro"]
[Result "1-0"]
[WhiteElo "2083"]
[BlackElo "1808"]
[Annotator "TA"]
[PlyCount "53"]
[EventDate "2021.01.18"]
[EventType "team-tourn"]
[EventCountry "GER"]
[SourceTitle "playchess.com"]
[Source "ChessBase"]
[SourceQuality "1"]

1. Nf3 d5 2. c4 e6 3. e3 Nf6 4. b3 c5 5. cxd5 exd5 6. Bb2 Nc6 7. Bb5 Bd7 8. O-O a6 9. Bxc6 Bxc6 10. d4 b6 11. Nc3 Bd6 12. Rc1 O-O 13. Ne5 Bb7 14. Ne2 Re8 15. Ng3 cxd4 16. exd4 Rc8 17. Nf5 Ne4 18. Qg4 Bxe5 19. dxe5 g6 20. f3 h5 21. Qf4 gxf5 22. fxe4 Rxc1 23. Bxc1 dxe4 24. Qxf5 Qe7 25. Qxh5 Bc8 26. Ba3 Qe6 27. Rf6 1-0

[Event "DSOL 2021"]
[Site "Germany"]
[Date "2021.03.05"]
[Round "5.4"]
[White "Prange, Dieter"]
[Black "Fischer, Juliane"]
[Result "1-0"]
[WhiteElo "2081"]
[BlackElo "1495"]
[Annotator "TA"]
[PlyCount "31"]
[EventDate "2021.01.18"]
[EventType "team-tourn"]
[EventCountry "GER"]
[SourceTitle "playchess.com"]
[Source "ChessBase"]
[SourceQuality "1"]
[WhiteTeam "SV Bergwinkel"]
[BlackTeam "SK Gernsheim"]

1. e4 c5 2. Nc3 g6 3. g3 Bg7 4. Bg2 Nc6 5. d3 e6 6. Nge2 Nge7 7. O-O O-O 8. Nf4 d6 9. Be3 Bd7 10. Qd2 Qc7 11. Nb5 Qa5 12. Nxd6 b6 13. c3 Qa6 14. Rfd1 Rfd8 15. Bf1 Qa5 16. Nb7 1-0

[Event "DSOL 2021"]
[Site "Germany"]
[Date "2021.03.04"]
[Round "5.4"]
[White "Fromme, Simon"]
[Black "Born, Bernd-Ludger"]
[Result "1-0"]
[WhiteElo "2073"]
[BlackElo "2043"]
[Annotator "TA"]
[PlyCount "97"]
[EventDate "2021.01.18"]
[EventType "team-tourn"]
[EventCountry "GER"]
[SourceTitle "playchess.com"]
[Source "ChessBase"]
[SourceQuality "1"]

1. e4 e6 2. d4 d5 3. Nc3 Nf6 4. Bg5 Be7 5. e5 Nfd7 6. h4 c5 7. Bxe7 Qxe7 8. Nb5 O-O 9. Nc7 cxd4 10. Nxa8 Nxe5 11. Qxd4 Nbc6 12. Qd2 b6 13. Nxb6 axb6 14. Be2 Bb7 15. Nf3 Qf6 16. c3 h6 17. Nxe5 Qxe5 18. Qe3 Qc7 19. O-O e5 20. Rad1 Ne7 21. Rfe1 f5 22. Bf1 e4 23. f4 Kh7 24. Rc1 Rd8 25. Red1 Qd6 26. g3 Ng8 27. Rd4 Nf6 28. Be2 Ra8 29. a3 Qc5 30. Kg2 Ba6 31. Bxa6 Rxa6 32. Qd2 b5 33. Rb4 Ng4 34. Qd4 Qc6 35. Rd1 Ra8 36. Kg1 Rd8 37. a4 bxa4 38. Rxa4 Rd7 39. Rb4 Qe6 40. Rb6 Qe7 41. c4 e3 42. cxd5 e2 43. Re1 Rxd5 44. Qxd5 Qe3+ 45. Kh1 Nf2+ 46. Kg2 Qxb6 47. Qxf5+ g6 48. Qd7+ Kh8 49. Rxe2 1-0

[Event "DSOL 2021"]
[Site "Germany"]
[Date "2021.03.04"]
[Round "5.4"]
[White "Ozeran, Volodymyr"]
[Black "Forsback, Lenny"]
[Result "1/2-1/2"]
[WhiteElo "2069"]
[BlackElo "2042"]
[Annotator "TA"]
[PlyCount "62"]
[EventDate "2021.01.18"]
[EventType "team-tourn"]
[EventCountry "GER"]
[SourceTitle "playchess.com"]
[Source "ChessBase"]
[SourceQuality "1"]

1. d4 Nf6 2. c4 e6 3. Nf3 b6 4. g3 Bb7 5. Bg2 Be7 6. Nc3 Ne4 7. Qc2 Nxc3 8. Qxc3 c5 9. Be3 Bf6 10. Qd2 d5 11. cxd5 cxd4 12. Bxd4 Bxd5 13. O-O O-O 14. Bxf6 Qxf6 15. b3 Na6 16. Qd4 Qxd4 17. Nxd4 Bxg2 18. Kxg2 Rfd8 19. Rfd1 Nc5 20. b4 Ne4 21. Nc6 Rxd1 22. Rxd1 Kf8 23. f3 Nf6 24. b5 Nd5 25. Rd3 Ne7 26. Nxa7 Ke8 27. Nc6 Nxc6 28. bxc6 Rxa2 29. c7 Ra8 30. Rb3 Rc8 31. Rxb6 Rxc7 1/2-1/2